Sporcle's Easiest Harry Potter (per Letter) Quiz Stats

 Plays Quiz Updated Aug 14, 2019

Score 0/23 Timer 03:00
3 Plays Today
Hint Answer % Correct
PPotter
95.7%
WWeasley
93.9%
GGranger
91.7%
DDumbledore
90.4%
SSnape
80.3%
MMalfoy
74.8%
HHagrid
65.9%
BBlack
62.1%
QQuirrell
61.7%
UUmbridge
59.8%
LLongbottom
58.3%
RRiddle
42.9%
Hint Answer % Correct
TTonks
38%
KKrum
33.4%
ZZabini
31.8%
CCrabbe
30.7%
YYaxley
30.6%
FFudge
30%
AAbbott
27.7%
OOllivander
24.7%
JJohnson
19.9%
VVane
13.8%
EEdgecombe
9.7%

You're not logged in!

Compare scores with friends on all Sporcle quizzes.
OR
Log In

Sporcle TV

Today on Sporcle TV


Watch our educational content, quiz creation guides, and fun videos on Sporcle TV.

Show Comments

Extras

Top Quizzes Today


Score Distribution

Your Account Isn't Verified!

In order to create a playlist on Sporcle, you need to verify the email address you used during registration. Go to your Sporcle Settings to finish the process.

Report this User

Report this user for behavior that violates our Community Guidelines.

Details: